[Event "Titled Tuesday intern op 16th Apr Early"]
[Site "Chess.com INT"]
[Date "2024.04.16"]
[Round "9"]
[White "Myagmarsuren, Evsuld"]
[Black "Jaiveer, Mahendru"]
[Result "0-1"]
[WhiteElo "2090"]
[BlackElo "2244"]
[PlyCount "130"]
[EventDate "2024.04.16"]
[EventType "swiss (blitz)"]
[EventRounds "11"]
[EventCountry "USA"]
[SourceTitle "CB17_2024"]
[SourceDate "2024.04.24"]
[SourceVersion "1"]
[SourceVersionDate "2024.04.24"]
[SourceQuality "1"]

1. Nf3 Nf6 2. g3 b6 3. Bg2 Bb7 4. 0-0 e6 5. d3 Be7 6. e4 0-0 7. c4 c5 8. Nc3 d6 9. Re1 e5 10. a3 Nc6 11. b4 cxb4 12. axb4 Nxb4 13. Ba3 Nc6 14. d4 exd4 15. Nxd4 Ne5 16. Nf5 Nxc4 17. e5 Bxg2 18. Nxe7+ Qxe7 19. Kxg2 Nxe5 20. Bxd6 Qb7+ 21. Kf1 Nf3 22. Bxf8 Nxh2+ 23. Kg1 Nf3+ 24. Kf1 Nxe1 25. Bxg7 Qh1+ 26. Ke2 Re8+ 27. Kd2 Rd8+ 28. Ke2 Rxd1 29. Bxf6 Rxa1 30. Nd5 Qxd5 31. f4 Qf3+ 32. Kd2 Qxg3 33. f5 Qf4+ 34. Kc3 Qxf5 35. Kb4 Qxf6 36. Kb5 h5 37. Kb4 h4 38. Kb5 h3 39. Kb4 h2 40. Kb5 h1N 41. Kb4 Qe6 42. Kb5 f5 43. Kb4 f4 44. Kb5 f3 45. Kb4 f2 46. Kb5 f1N 47. Kb4 a5+ 48. Kb5 a4 49. Kb4 a3 50. Kb5 a2 51. Kb4 Rb1+ 52. Ka4 a1N 53. Ka3 Nac2+ 54. Ka4 b5+ 55. Ka5 b4 56. Ka4 b3 57. Ka5 b2 58. Ka4 Ra1+ 59. Kb5 b1N 60. Kc5 Nhg3 61. Kb5 Nfe3 62. Kc5 Nd3+ 63. Kb5 Ne5 64. Kc5 Ne4+ 65. Kb5 Nbc3# 0-1

[Event "Titled Tuesday intern op 02nd Apr Early"]
[Site "Chess.com INT"]
[Date "2024.04.02"]
[Round "2"]
[White "Arslanov, Shamil"]
[Black "Myagmarsuren, Evsuld"]
[Result "1-0"]
[WhiteElo "2410"]
[BlackElo "2090"]
[PlyCount "59"]
[EventDate "2024.04.02"]
[EventType "swiss (blitz)"]
[EventRounds "11"]
[EventCountry "USA"]
[SourceTitle "CB15_2024"]
[SourceDate "2024.04.10"]
[SourceVersion "1"]
[SourceVersionDate "2024.04.10"]
[SourceQuality "1"]

1. d4 d5 2. e4 dxe4 3. Nc3 Nf6 4. f3 exf3 5. Nxf3 c5 6. d5 e6 7. Bb5+ Bd7 8. dxe6 fxe6 9. Qe2 Bxb5 10. Nxb5 Be7 11. Bf4 Na6 12. 0-0 0-0 13. Qxe6+ Kh8 14. Rfe1 Qa5 15. c4 Rae8 16. Ne5 h6 17. Ng6+ Kh7 18. Nxe7 Rxe7 19. Qxe7 Re8 20. Qxe8 Nxe8 21. Rxe8 Qb6 22. Rae1 Qf6 23. Be5 Qf7 24. Bc3 Qxc4 25. R8e7 Qxb5 26. Rxg7+ Kh8 27. Rxb7+ Kg8 28. Rxb5 Nc7 29. Rb7 Ne8 30. Rxe8# 1-0

[Event "Titled Tuesday intern op 02nd Apr Early"]
[Site "Chess.com INT"]
[Date "2024.04.02"]
[Round "3"]
[White "Myagmarsuren, Evsuld"]
[Black "Pastar, Slaven"]
[Result "1-0"]
[WhiteElo "2090"]
[BlackElo "2363"]
[PlyCount "49"]
[EventDate "2024.04.02"]
[EventType "swiss (blitz)"]
[EventRounds "11"]
[EventCountry "USA"]
[SourceTitle "CB15_2024"]
[SourceDate "2024.04.10"]
[SourceVersion "1"]
[SourceVersionDate "2024.04.10"]
[SourceQuality "1"]

1. e4 b6 2. d4 Bb7 3. Nc3 e6 4. Nf3 Bb4 5. Bd3 Nf6 6. e5 Ne4 7. 0-0 Nxc3 8. bxc3 Bxc3 9. Rb1 Nc6 10. Be4 Qc8 11. Rb3 Ba5 12. Ng5 Nd8 13. Bxh7 Bd5 14. Rh3 Qb7 15. Qg4 Nc6 16. Nxf7 Rf8 17. Bg6 Nxe5 18. dxe5 Qc6 19. Nd6+ Kd8 20. Bg5+ Rf6 21. Bxf6+ gxf6 22. Rh8+ Ke7 23. Qh4 Rf8 24. Qh7+ Rf7 25. Qxf7# 1-0

[Event "Fagernes op"]
[Site "Fagernes"]
[Date "2024.03.29"]
[Round "7"]
[White "Myagmarsuren, Evsuld"]
[Black "Joel Paul, Ganta"]
[Result "1-0"]
[WhiteElo "2138"]
[BlackElo "1993"]
[PlyCount "57"]
[EventDate "2024.03.24"]
[EventType "swiss"]
[EventRounds "9"]
[EventCountry "NOR"]
[SourceTitle "CB14_2024"]
[SourceDate "2024.04.01"]
[SourceVersion "1"]
[SourceVersionDate "2024.04.01"]
[SourceQuality "1"]

1. e4 c5 2. Nf3 d6 3. d4 cxd4 4. Nxd4 Nf6 5. Nc3 a6 6. Be3 e6 7. g4 b5 8. Bg2 Bb7 9. g5 Nfd7 10. h4 Nc6 11. f4 Rc8 12. 0-0 Nxd4 13. Bxd4 e5 14. Be3 exf4 15. Bxf4 Ne5 16. Bh3 Qb6+ 17. Kh1 Rc7 18. Nd5 Bxd5 19. Qxd5 Qc6 20. c3 Qxd5 21. exd5 Nc4 22. a4 bxa4 23. Rxa4 a5 24. Re1+ Kd8 25. Re4 Nb6 26. Rxa5 Rc5 27. Ra7 Nxd5 28. Rd7+ Kc8 29. Re8# 1-0

[Event "NOR-chT Elite 2324"]
[Site "Norway"]
[Date "2024.03.10"]
[Round "9.45"]
[White "Myagmarsuren, Evsuld"]
[Black "Aulin Jansson, Joran"]
[Result "0-1"]
[WhiteElo "2107"]
[BlackElo "2100"]
[PlyCount "118"]
[EventDate "2023.10.27"]
[EventType "team-tourn"]
[EventRounds "9"]
[EventCountry "NOR"]
[SourceTitle "CB16_2024"]
[SourceDate "2024.04.17"]
[SourceVersion "1"]
[SourceVersionDate "2024.04.17"]
[SourceQuality "1"]
[WhiteTeam "Tromsoe"]
[BlackTeam "Asker"]
[WhiteTeamCountry "NOR"]
[BlackTeamCountry "NOR"]

1. e4 c5 2. Nf3 d6 3. d4 cxd4 4. Nxd4 Nf6 5. Nc3 a6 6. Be3 e5 7. Nb3 Be6 8. f3 Be7 9. Qd2 0-0 10. 0-0-0 Nc6 11. g4 a5 12. a4 Nb4 13. Kb1 Qc7 14. g5 Nd7 15. h4 Nb6 16. h5 Nc4 17. Bxc4 Qxc4 18. Nc1 Rfd8 19. g6 d5 20. h6 fxg6 21. hxg7 d4 22. Bxd4 exd4 23. Qh6 Kf7 24. Qxh7 Rg8 25. f4 Rxg7 26. Qh6 dxc3 27. f5 cxb2 28. fxe6+ Qxe6 29. Rdf1+ Ke8 30. Nb3 Rg8 31. Qh7 Rc8 32. Rh2 Rf8 33. Rxf8+ Bxf8 34. Qxb7 Qc6 35. Nxa5 Qxb7 36. Nxb7 Rb8 37. Rh7 Na6 38. e5 Nc5 39. Nxc5 Bxc5 40. Rg7 Rb6 41. a5 Ra6 42. c3 Kf8 43. Rc7 Ba3 44. Rb7 Rxa5 45. Rb3 Kf7 46. c4 Ke6 47. Rg3 Kf5 48. e6 Bd6 49. e7 Bxe7 50. Kxb2 g5 51. Rf3+ Kg6 52. Re3 Bc5 53. Re8 g4 54. Kc2 Kf5 55. Kd2 g3 56. Rg8 g2 57. Kc3 g1Q 58. Rxg1 Bxg1 59. Kb4 Rc5 0-1

[Event "NOR-ch Rapid"]
[Site "Bergen"]
[Date "2024.01.14"]
[Round "10"]
[White "Myagmarsuren, Evsuld"]
[Black "Gullaksen, Eirik Tvedt"]
[Result "1/2-1/2"]
[WhiteElo "2078"]
[BlackElo "2321"]
[PlyCount "90"]
[EventDate "2024.01.13"]
[EventType "swiss (rapid)"]
[EventRounds "10"]
[EventCountry "NOR"]
[SourceTitle "CB03_2024"]
[SourceDate "2024.01.17"]
[SourceVersion "1"]
[SourceVersionDate "2024.01.17"]
[SourceQuality "1"]

1. e4 c5 2. Nf3 Nc6 3. d4 cxd4 4. Nxd4 e5 5. Nb5 d6 6. N1c3 a6 7. Na3 Be7 8. Nd5 Nf6 9. Bd3 Nxd5 10. exd5 Nd4 11. 0-0 0-0 12. c3 Nf5 13. f4 exf4 14. Bxf4 Nh4 15. Nc2 Ng6 16. Bxg6 hxg6 17. Nd4 Bf6 18. Qd2 Qb6 19. Be3 Qc7 20. Bg5 Bxd4+ 21. Qxd4 f6 22. Bf4 g5 23. Bg3 a5 24. a4 Bd7 25. Rae1 Rae8 26. Rxe8 Rxe8 27. Re1 Rxe1+ 28. Bxe1 Qc5 29. Qxc5 dxc5 30. Bf2 b6 31. b3 Kf7 32. Bg3 b5 33. axb5 Bxb5 34. Bc7 c4 35. bxc4 Bxc4 36. Bxa5 Bxd5 37. Kf2 Ke6 38. g3 Kf5 39. Bb4 Kg4 40. Kg1 f5 41. Bf8 g6 42. Kf2 f4 43. Be7 Bc4 44. Bd6 Bd5 45. Bc7 Bc4 1/2-1/2

[Event "Rilton Cup 51st"]
[Site "Stockholm"]
[Date "2023.12.30"]
[Round "4"]
[White "Myagmarsuren, Evsuld"]
[Black "Sameer, Loay"]
[Result "1/2-1/2"]
[WhiteElo "2078"]
[BlackElo "2209"]
[PlyCount "84"]
[EventDate "2023.12.27"]
[EventType "swiss"]
[EventRounds "9"]
[EventCountry "SWE"]
[SourceTitle "CB02_2024"]
[SourceDate "2024.01.10"]
[SourceVersion "1"]
[SourceVersionDate "2024.01.10"]
[SourceQuality "1"]

1. e4 g6 2. d4 Bg7 3. Nc3 d6 4. f4 Nc6 5. Be3 Nf6 6. Nf3 0-0 7. Qe2 e5 8. dxe5 dxe5 9. fxe5 Ng4 10. Bg5 Qe8 11. 0-0-0 Ngxe5 12. Nd5 Nxf3 13. Qxf3 Qe5 14. Bf6 Bxf6 15. Qxf6 Qxf6 16. Nxf6+ Kg7 17. Nd5 Bg4 18. Rd2 Rac8 19. h3 Be6 20. Nf4 Rfe8 21. Bb5 Re7 22. Bxc6 bxc6 23. Nxe6+ Rxe6 24. Rd7 Rd6 25. Rd1 Rxd1+ 26. Kxd1 Kf6 27. Rd3 Rb8 28. Ra3 Rb7 29. Ra6 Ke5 30. Rxc6 Kxe4 31. b3 f5 32. Ke2 Kd5 33. Rc3 c5 34. Rd3+ Ke5 35. Re3+ Kd5 36. Rd3+ Ke5 37. Re3+ Kd5 38. c4+ Kd4 39. Rd3+ Ke4 40. Re3+ Kd4 41. Rd3+ Ke4 42. Re3+ Kd4 1/2-1/2

[Event "Rilton Cup 51st"]
[Site "Stockholm"]
[Date "2023.12.27"]
[Round "1"]
[White "Czernek, Tymon"]
[Black "Myagmarsuren, Evsuld"]
[Result "1-0"]
[WhiteElo "2324"]
[BlackElo "2078"]
[PlyCount "63"]
[EventDate "2023.12.27"]
[EventType "swiss"]
[EventRounds "9"]
[EventCountry "SWE"]
[SourceTitle "CB02_2024"]
[SourceDate "2024.01.10"]
[SourceVersion "1"]
[SourceVersionDate "2024.01.10"]
[SourceQuality "1"]

1. e4 c5 2. Nf3 d6 3. d4 cxd4 4. Nxd4 Nf6 5. Nc3 a6 6. Bd3 e5 7. Nde2 Be6 8. 0-0 Nbd7 9. f4 Rc8 10. Kh1 h5 11. a4 h4 12. f5 Bc4 13. Bxc4 Rxc4 14. Qd3 Rb4 15. Nd5 Rxe4 16. Bg5 Rg4 17. Bxf6 gxf6 18. h3 Rg5 19. a5 Rhg8 20. Rf2 Be7 21. b4 Qb8 22. Nec3 Kf8 23. Ne4 R5g7 24. Ra3 Qa7 25. Rc3 Rg3 26. Rc8+ Kg7 27. Rxg8+ Kxg8 28. Nxe7+ Kf8 29. Qxd6 Kg7 30. Qxd7 Qe3 31. Qd8 Kh7 32. Nxf6+ 1-0

[Event "Wch U14"]
[Site "Montesilvano"]
[Date "2023.11.20"]
[Round "7"]
[White "Daakshin, Arun"]
[Black "Myagmarsuren, Evsuld"]
[Result "1-0"]
[WhiteElo "2342"]
[BlackElo "2150"]
[PlyCount "83"]
[EventDate "2023.11.13"]
[EventType "swiss"]
[EventRounds "11"]
[EventCountry "ITA"]
[SourceTitle "CB48_2023"]
[SourceDate "2023.11.29"]
[SourceVersion "1"]
[SourceVersionDate "2023.11.29"]
[SourceQuality "1"]

1. d4 d5 2. c4 c6 3. Nc3 Nf6 4. cxd5 cxd5 5. Bf4 Nc6 6. e3 Bf5 7. Nf3 e6 8. Qb3 Bb4 9. Ne5 Bxc3+ 10. Qxc3 Nxe5 11. Bxe5 0-0 12. Qb4 Qb6 13. Qxb6 axb6 14. Bxf6 gxf6 15. Be2 Rfc8 16. Bd1 b5 17. Kd2 Rc6 18. g4 Bg6 19. h4 Rac8 20. h5 Bc2 21. Rc1 Bxd1 22. Rhxd1 Kf8 23. Rxc6 Rxc6 24. f3 Ke7 25. Rc1 Rxc1 26. Kxc1 e5 27. f4 f5 28. g5 exf4 29. exf4 b4 30. Kc2 f6 31. g6 hxg6 32. hxg6 Kf8 33. Kb3 Kg7 34. Kxb4 Kxg6 35. Kc5 Kh5 36. Kxd5 Kg4 37. Ke6 Kxf4 38. d5 Ke4 39. d6 f4 40. d7 f3 41. d8Q f2 42. Qd1 1-0

[Event "Wch U14"]
[Site "Montesilvano"]
[Date "2023.11.17"]
[Round "5"]
[White "Kao, Jamison Edrich"]
[Black "Myagmarsuren, Evsuld"]
[Result "0-1"]
[WhiteElo "1701"]
[BlackElo "2150"]
[PlyCount "120"]
[EventDate "2023.11.13"]
[EventType "swiss"]
[EventRounds "11"]
[EventCountry "ITA"]
[SourceTitle "CB48_2023"]
[SourceDate "2023.11.29"]
[SourceVersion "1"]
[SourceVersionDate "2023.11.29"]
[SourceQuality "1"]

1. e4 c5 2. Nf3 d6 3. d4 cxd4 4. Nxd4 Nf6 5. Nc3 a6 6. Bg5 e6 7. Qe2 h6 8. Bh4 Be7 9. 0-0-0 0-0 10. e5 Ne8 11. Bxe7 Qxe7 12. f4 b5 13. g3 Bb7 14. Bg2 d5 15. f5 Nd7 16. Kb1 b4 17. f6 gxf6 18. Nxd5 Bxd5 19. Bxd5 exd5 20. Nf5 Qe6 21. Qh5 Ng7 22. Nxh6+ Kh7 23. Qh4 Kg6 24. Rd4 Nxe5 25. Ng4 Rh8 26. Nxe5+ Qxe5 27. Rg4+ Kf5 28. Rf4+ Ke6 29. Qg4+ Ke7 30. Rff1 Ne6 31. Qxb4+ Kd7 32. Qa4+ Kc7 33. Qa5+ Kb7 34. Rf3 Rab8 35. Re1 Qd6 36. Rxf6 Qd7 37. Ref1 Rh7 38. R6f5 d4 39. R5f3 Ka7 40. h4 Rb5 41. Qd2 Nc5 42. Rd1 Qb7 43. c4 Rb4 44. Rf4 Ne6 45. Rxd4 Nxd4 46. Qxd4+ Rb6 47. a4 a5 48. Qe5 f6 49. Qxa5+ Qa6 50. Qc5 Qxa4 51. Rd3 Qc6 52. Ra3+ Kb7 53. Qf8 Qe4+ 54. Ka1 Ra6 55. Qb4+ Rb6 56. Qf8 Kc7 57. c5 Qh1+ 58. Ka2 Qd5+ 59. Ka1 Rb7 60. Ra8 Qd1+ 0-1

[Event "Fagernes Autumn op"]
[Site "Fagernes"]
[Date "2023.10.08"]
[Round "1"]
[White "Myagmarsuren, Evsuld"]
[Black "Yaniv, Yuval"]
[Result "1/2-1/2"]
[WhiteElo "2107"]
[BlackElo "2382"]
[PlyCount "78"]
[EventDate "2023.10.08"]
[EventType "swiss"]
[EventRounds "9"]
[EventCountry "NOR"]
[SourceTitle "Mega2024 Update 01"]
[Source "Chessbase"]
[SourceDate "2023.11.12"]
[SourceVersion "1"]
[SourceVersionDate "2023.11.12"]
[SourceQuality "1"]

1. e4 c5 2. Nf3 Nc6 3. d4 cxd4 4. Nxd4 Nf6 5. Nc3 d6 6. Bg5 e6 7. Qd2 a6 8. 0-0-0 Be7 9. f4 Bd7 10. Nf3 b5 11. Bxf6 gxf6 12. Kb1 Qb6 13. f5 0-0-0 14. Ne2 Kb8 15. Nf4 Bc8 16. fxe6 fxe6 17. g3 d5 18. exd5 e5 19. Ng2 Be6 20. c4 bxc4 21. Ne3 Bc5 22. Nxc4 Qa7 23. d6 Nb4 24. a3 Nd5 25. Bh3 Bf7 26. d7 Ne7 27. Qe2 Qb7 28. Ka1 Nc6 29. Rhf1 Qb5 30. Nfd2 Nd4 31. Qd3 Bg6 32. Qc3 Bb4 33. axb4 Qa4+ 34. Na3 Nc2+ 35. Ka2 Nxb4+ 36. Ka1 Nc2+ 37. Ka2 Nb4+ 38. Ka1 Nc2+ 39. Ka2 Nb4+ 1/2-1/2

[Event "EU-ch U14 31st"]
[Site "Mamaia"]
[Date "2023.09.11"]
[Round "6"]
[White "Myagmarsuren, Evsuld"]
[Black "Atoyan, Alberto"]
[Result "0-1"]
[WhiteElo "2237"]
[BlackElo "1896"]
[PlyCount "220"]
[EventDate "2023.09.05"]
[EventType "swiss"]
[EventRounds "9"]
[EventCountry "ROU"]
[SourceTitle "EXT 2024"]
[Source "ChessBase"]
[SourceDate "2023.10.10"]
[SourceVersion "1"]
[SourceVersionDate "2023.10.10"]
[SourceQuality "1"]

1. e4 c5 2. Nf3 e6 3. d4 cxd4 4. Nxd4 Nc6 5. Nc3 Nf6 6. Ndb5 Bb4 7. a3 Bxc3+ 8. Nxc3 d5 9. exd5 exd5 10. Bg5 0-0 11. Be2 Re8 12. 0-0 d4 13. Na2 Qd6 14. Nc1 Ne4 15. Bh4 Qh6 16. Bg3 Bf5 17. Nb3 Rad8 18. Bb5 Nxg3 19. hxg3 Qg6 20. Rc1 d3 21. cxd3 Bxd3 22. Bxd3 Rxd3 23. Qc2 Rd5 24. Rfe1 Rde5 25. Rxe5 Rxe5 26. Qd2 Qe6 27. Nc5 Qe7 28. Qc3 h6 29. b4 Nd8 30. Rd1 Nc6 31. Rc1 Nd8 32. Nd3 Rd5 33. Nf4 Rd6 34. Re1 Qd7 35. Nh5 Ne6 36. Qf3 Ng5 37. Qb3 Re6 38. Rd1 Rd6 39. Rc1 Rc6 40. Rf1 Qd2 41. Qb1 Qc2 42. Qe1 Re6 43. Qa1 f6 44. Rc1 Qe4 45. Nf4 Re7 46. Qa2+ Kh7 47. Kh2 Ne6 48. Nd5 Rd7 49. Rd1 Rd8 50. Rd2 Qe5 51. Qb1+ Kh8 52. Nf4 Qb5 53. Ng6+ Kg8 54. Qb3 Qh5+ 55. Nh4 Rxd2 56. Qxe6+ Qf7 57. Qc8+ Kh7 58. Qf5+ g6 59. Qf4 Rd3 60. a4 Rd7 61. Nf3 Qe7 62. a5 Kg7 63. Nh4 Rd5 64. Qc4 Re5 65. Qg4 Rg5 66. Qc4 Qf7 67. Qd4 a6 68. g4 Qd5 69. Qb6 Rxg4 70. g3 Rd4 71. Qc7+ Qd7 72. Qc2 Qf7 73. Qc3 Qc4 74. Qe1 Qxb4 75. Qe6 Rxh4+ 76. gxh4 Qxh4+ 77. Kg2 Qg5+ 78. Kh1 Qc1+ 79. Kh2 Qc7+ 80. Kg1 h5 81. Kf1 h4 82. Kg1 g5 83. Kf1 Qxa5 84. Qe7+ Kg6 85. Qe8+ Kf5 86. Qd7+ Ke5 87. Qe7+ Kd4 88. Qe3+ Kc4 89. Qe4+ Kb3 90. Qb1+ Kc4 91. Qe4+ Kc5 92. Qe7+ Kc6 93. Qxf6+ Kc7 94. Qe7+ Kb8 95. Qd6+ Ka7 96. f3 Qb6 97. Qd2 Qc5 98. Kg2 Qe5 99. Qf2+ Ka8 100. Qc2 Qg3+ 101. Kh1 Qxf3+ 102. Kh2 Qg3+ 103. Kh1 Qd6 104. Qe2 Qc6+ 105. Kh2 Qc7+ 106. Kg2 g4 107. Kh1 Qc1+ 108. Kg2 h3+ 109. Kg3 Qg1+ 110. Kh4 h2 0-1

[Event "EU-ch U14 31st"]
[Site "Mamaia"]
[Date "2023.09.06"]
[Round "2"]
[White "Malli, Suvirr"]
[Black "Myagmarsuren, Evsuld"]
[Result "1-0"]
[WhiteElo "2006"]
[BlackElo "2237"]
[PlyCount "101"]
[EventDate "2023.09.05"]
[EventType "swiss"]
[EventRounds "9"]
[EventCountry "ROU"]
[SourceTitle "EXT 2024"]
[Source "ChessBase"]
[SourceDate "2023.10.10"]
[SourceVersion "1"]
[SourceVersionDate "2023.10.10"]
[SourceQuality "1"]

1. e4 c5 2. Nf3 d6 3. d4 cxd4 4. Nxd4 Nf6 5. Nc3 a6 6. f4 e5 7. Nb3 Be7 8. fxe5 dxe5 9. Qxd8+ Bxd8 10. Be3 0-0 11. Be2 Nbd7 12. a4 b6 13. 0-0-0 Bb7 14. Bf3 Rc8 15. g4 Bc6 16. g5 Ne8 17. Bg4 Rc7 18. a5 f5 19. gxf6 Nexf6 20. Be6+ Kh8 21. axb6 Rc8 22. Na5 Re8 23. Bh3 Re7 24. b7 Bxb7 25. Nxb7 Rb8 26. Nxd8 Rxd8 27. Nd5 Ree8 28. Nc7 Rg8 29. Ne6 Rde8 30. Ng5 Re7 31. Be6 Rf8 32. Bxd7 Nxd7 33. Rhf1 Rc8 34. Rf7 Rxf7 35. Nxf7+ Kg8 36. Rxd7 h5 37. Nxe5 Re8 38. Bd4 Re6 39. Nf3 Rc6 40. Rxg7+ Kf8 41. Rh7 a5 42. Rxh5 a4 43. Ra5 Kg8 44. Rxa4 Kh7 45. Rb4 Rc7 46. Rb6 Kg8 47. Ra6 Rc8 48. Ra7 Rb8 49. Ng5 Rc8 50. Rg7+ Kf8 51. Ne6+ 1-0

[Event "Pardubice Czech op-A 34th"]
[Site "Pardubice"]
[Date "2023.07.29"]
[Round "9"]
[White "Frank, Adam"]
[Black "Myagmarsuren, Evsuld"]
[Result "1-0"]
[WhiteElo "2335"]
[BlackElo "2184"]
[PlyCount "131"]
[EventDate "2023.07.21"]
[EventType "swiss"]
[EventRounds "9"]
[EventCountry "CZE"]
[SourceTitle "CBM 215 Extra"]
[Source "ChessBase"]
[SourceDate "2023.09.30"]
[SourceVersion "1"]
[SourceVersionDate "2023.09.30"]
[SourceQuality "1"]

1. Nf3 Nf6 2. g3 d5 3. Bg2 c6 4. d3 g6 5. 0-0 Bg7 6. Nbd2 0-0 7. e4 e6 8. e5 Nfd7 9. d4 c5 10. c3 b6 11. Re1 a5 12. Nf1 Nc6 13. Bg5 Qc7 14. Qd2 Ba6 15. a3 a4 16. Qf4 Rae8 17. Ne3 f6 18. exf6 Qxf4 19. Bxf4 Bxf6 20. Ng4 cxd4 21. Nxf6+ Nxf6 22. Nxd4 Nxd4 23. cxd4 Kf7 24. Bh3 Rg8 25. f3 Bc4 26. Be5 g5 27. Bxf6 Kxf6 28. Re5 Bb5 29. Rae1 Bd7 30. Bg4 Re7 31. Rc1 Rc8 32. Rc3 Rc4 33. Rxc4 dxc4 34. Kf2 Bc6 35. Ke3 Bd5 36. f4 h6 37. Kd2 gxf4 38. gxf4 Rg7 39. h3 Rg8 40. Kc3 Rg7 41. Kb4 Ke7 42. Bxe6 Bxe6 43. f5 Rg2 44. Rxe6+ Kf7 45. Kxc4 Rxb2 46. Rxh6 Rb3 47. h4 Rxa3 48. Rxb6 Rf3 49. Rb5 Rh3 50. Ra5 a3 51. Ra6 Rf3 52. d5 Ke7 53. f6+ Kd7 54. Kd4 a2 55. Rxa2 Rxf6 56. Ra7+ Kd8 57. Rh7 Rb6 58. Ke5 Ra6 59. h5 Rb6 60. h6 Ra6 61. d6 Ra1 62. Rg7 Re1+ 63. Kf4 Rf1+ 64. Ke3 Re1+ 65. Kf2 Re6 66. h7 1-0

[Event "Pardubice Czech op-A 34th"]
[Site "Pardubice"]
[Date "2023.07.26"]
[Round "6"]
[White "Myagmarsuren, Evsuld"]
[Black "Kenneskog, Theodor"]
[Result "1/2-1/2"]
[WhiteElo "2184"]
[BlackElo "2346"]
[PlyCount "120"]
[EventDate "2023.07.21"]
[EventType "swiss"]
[EventRounds "9"]
[EventCountry "CZE"]
[SourceTitle "CBM 215 Extra"]
[Source "ChessBase"]
[SourceDate "2023.09.30"]
[SourceVersion "1"]
[SourceVersionDate "2023.09.30"]
[SourceQuality "1"]

1. e4 c5 2. Nf3 d6 3. d4 cxd4 4. Nxd4 Nf6 5. Nc3 a6 6. h3 e5 7. Nde2 h5 8. g3 Be7 9. Bg2 b5 10. Nd5 Nxd5 11. Qxd5 Ra7 12. Be3 Rb7 13. 0-0-0 Nd7 14. f4 Nf6 15. Qc6+ Rd7 16. Bb6 Bb7 17. Qxb7 Rxb7 18. Bxd8 Bxd8 19. Rxd6 a5 20. fxe5 Nd7 21. e6 Ne5 22. Rd5 Nc4 23. Rhd1 Bf6 24. exf7+ Rxf7 25. Rxb5 0-0 26. c3 Ne3 27. Rg1 h4 28. Kd2 Nc4+ 29. Kd3 Rc7 30. gxh4 Rd8+ 31. Rd5 Nxb2+ 32. Kc2 Rxd5 33. exd5 Na4 34. d6 Rc5 35. d7 Nxc3 36. Nxc3 Rxc3+ 37. Kb1 Rd3 38. Bc6 Bxh4 39. Kc2 Rd6 40. Bb5 Kf8 41. Kc3 Bd8 42. Re1 Be7 43. Re2 Kf7 44. Kc4 g5 45. Kb3 Rd4 46. Bc4+ Kf8 47. Rf2+ Rf4 48. Rd2 a4+ 49. Kc3 Bd8 50. Re2 Be7 51. Bb5 Bf6+ 52. Kc2 Rb4 53. Re6 Rxb5 54. Rxf6+ Ke7 55. Rd6 Kd8 56. Rd3 Rb4 57. Kc3 Rh4 58. Kb2 g4 59. hxg4 Rxg4 60. Ka3 Rh4 1/2-1/2

[Event "Norway Chess op"]
[Site "Stavanger"]
[Date "2023.06.01"]
[Round "8"]
[White "Eliseev, Sergey1111"]
[Black "Myagmarsuren, Evsuld"]
[Result "0-1"]
[WhiteElo "1970"]
[BlackElo "2181"]
[PlyCount "117"]
[EventDate "2023.05.27"]
[EventType "swiss"]
[EventRounds "10"]
[EventCountry "NOR"]
[SourceTitle "CBM 214 Extra"]
[Source "ChessBase"]
[SourceDate "2023.07.31"]
[SourceVersion "1"]
[SourceVersionDate "2023.07.31"]
[SourceQuality "1"]

1. e4 c5 2. Ne2 d6 3. g3 Nf6 4. Bg2 g6 5. c3 Bg7 6. d4 cxd4 7. cxd4 0-0 8. Nbc3 Nc6 9. 0-0 Bd7 10. h3 Rb8 11. a4 a6 12. g4 b5 13. axb5 axb5 14. Ng3 b4 15. Nce2 Qc7 16. f4 b3 17. f5 Nb4 18. Bf4 Nc2 19. Rc1 Qb6 20. Qd2 Bb5 21. Rfd1 Rbc8 22. Bh6 Nd7 23. Bxg7 Kxg7 24. Kh1 Rc4 25. Qg5 Nf6 26. e5 dxe5 27. dxe5 Ng8 28. fxg6 fxg6 29. Rf1 h6 30. Qh4 Rxf1+ 31. Rxf1 Ne3 32. Rf4 Nxg2 33. Kxg2 Bc6+ 34. Kf1 Rxf4+ 35. Nxf4 Qe3 36. Nge2 Qxe5 37. Qf2 Bb5 38. Ke1 Bxe2 39. Nxe2 Qxb2 40. Qe3 Qa1+ 41. Kf2 b2 42. Nc3 b1Q 43. Nxb1 Qxb1 44. h4 Qc2+ 45. Kg3 Qc7+ 46. Kh3 Qd7 47. Kg3 Qc7+ 48. Kh3 Qd7 49. Kg3 Nf6 50. Qe2 Qxg4+ 51. Qxg4 Nxg4 52. Kxg4 Kf6 53. Kg3 Kf5 54. Kf3 e5 55. Kg3 e4 56. Kh3 Kf4 57. h5 g5 58. Kg2 Kg4 59. Kf2 0-1

[Event "Fagernes op-A"]
[Site "Fagernes"]
[Date "2023.04.09"]
[Round "9"]
[White "Sammed Jaykumar, Shete"]
[Black "Myagmarsuren, Evsuld"]
[Result "1-0"]
[WhiteElo "2454"]
[BlackElo "2139"]
[PlyCount "91"]
[EventDate "2023.04.02"]
[EventType "swiss"]
[EventRounds "9"]
[EventCountry "NOR"]
[SourceTitle "CBM 213 Extra"]
[Source "ChessBase"]
[SourceDate "2023.05.31"]
[SourceVersion "1"]
[SourceVersionDate "2023.05.31"]
[SourceQuality "1"]

1. e4 c5 2. Nf3 d6 3. d4 cxd4 4. Nxd4 Nf6 5. Nc3 a6 6. Be3 e5 7. Nf3 Be7 8. Nd2 b5 9. a4 b4 10. Nd5 Nxd5 11. exd5 Nd7 12. a5 Bb7 13. Nc4 Rc8 14. Ra4 b3 15. c3 0-0 16. Nb6 Nxb6 17. Bxb6 Qd7 18. Rb4 f5 19. Qxb3 Bf6 20. Be2 Qf7 21. c4 f4 22. 0-0 e4 23. f3 Rfe8 24. fxe4 Rxe4 25. Bf3 Re7 26. Bf2 Rce8 27. Rb6 g5 28. Rxd6 Bc8 29. Qd1 Qg7 30. Rxf6 Qxf6 31. d6 Rg7 32. c5 g4 33. Bd5+ Be6 34. Bd4 Qf5 35. Bxe6+ Qxe6 36. Bxg7 Qe3+ 37. Kh1 Kxg7 38. Qxg4+ Kh8 39. d7 Rf8 40. c6 f3 41. Qxf3 Rxf3 42. d8Q+ Kg7 43. gxf3 Qe2 44. Rg1+ Kf7 45. Qd5+ Kf6 46. c7 1-0

[Event "Fagernes op-A"]
[Site "Fagernes"]
[Date "2023.04.08"]
[Round "8"]
[White "Myagmarsuren, Evsuld"]
[Black "Ermitsch, Magnus"]
[Result "1-0"]
[WhiteElo "2139"]
[BlackElo "2277"]
[PlyCount "149"]
[EventDate "2023.04.02"]
[EventType "swiss"]
[EventRounds "9"]
[EventCountry "NOR"]
[SourceTitle "CBM 213 Extra"]
[Source "ChessBase"]
[SourceDate "2023.05.31"]
[SourceVersion "1"]
[SourceVersionDate "2023.05.31"]
[SourceQuality "1"]

1. e4 c5 2. Nf3 a6 3. d4 cxd4 4. Nxd4 Nf6 5. Nc3 e5 6. Nde2 Bc5 7. Ng3 h5 8. Be2 d6 9. Bg5 Qb6 10. 0-0 Ng4 11. Bxg4 Bxg4 12. Qd3 f6 13. Nd5 Qd8 14. Be3 Nd7 15. b4 Bxe3 16. Nxe3 Qc7 17. Nxg4 hxg4 18. Nf5 g6 19. Nxd6+ Ke7 20. Rfd1 Nf8 21. Qd5 Ne6 22. c4 Rh7 23. c5 Nf4 24. Qxb7 Qxb7 25. Nxb7 Ne2+ 26. Kf1 Nc3 27. c6 Nxd1 28. Rxd1 Ke8 29. Rd6 Rf7 30. a4 Rb8 31. g3 Rfxb7 32. cxb7 Rxb7 33. Rxa6 Rxb4 34. Rxf6 Rxa4 35. Rxg6 Rxe4 36. Rg7 Kf8 37. Rh7 Kg8 38. Rh4 Ra4 39. f4 Ra1+ 40. Kf2 Ra2+ 41. Ke3 exf4+ 42. Kxf4 Ra4+ 43. Kg5 Ra2 44. Kxg4 Ra4+ 45. Kh3 Ra2 46. Rf4 Kg7 47. Rf3 Ra4 48. g4 Kg6 49. Kg3 Kg5 50. h4+ Kh6 51. h5 Ra1 52. Rf6+ Kg7 53. Rb6 Rh1 54. Kf4 Ra1 55. Kg5 Ra5+ 56. Kh4 Ra1 57. h6+ Kh7 58. Kh5 Ra2 59. Rb7+ Kg8 60. g5 Ra5 61. Rd7 Rb5 62. Re7 Ra5 63. Kg6 Ra6+ 64. Kf5 Ra1 65. Kf6 Rf1+ 66. Kg6 Rf8 67. Ra7 Rb8 68. Ra6 Rf8 69. Rd6 Kh8 70. Kh5 Ra8 71. g6 Kg8 72. h7+ Kg7 73. Rd7+ Kf6 74. Rf7+ Ke6 75. Kh6 1-0